[Event "Alguém livre pra jogar?"]
[Site "http://www.queenalice.com/game.php?id=274192"]
[Date "2007.9.19"]
[Round "-"]
[White "nallpinheiro"]
[Black "ESSantos"]
[Result "0-1"]
[WhiteElo "1424"]
[BlackElo "1738"]

1. Nf3 e6 2. d4 Qf6 3. Bg5 Qf5 4. Qd2 Nc6 5. h4 Bb4 6. c3 Be7 7. g3 h6 8. Bf4 d6
9. Bh3 Qd5 10. g4 Bd7 11. g5 hxg5 12. hxg5 O-O-O 13. Na3 Na5 14. O-O-O Nc4 15.
Nxc4 Qxc4 16. Kb1 d5 17. Ne5 Qb5 18. Nxf7 Bd6 19. Nxh8 Ne7 20. Nf7 Rf8 21. Nxd6+
cxd6 22. Bxd6 Rf7 23. Bxe7 Rxe7 24. Bf1 Rf7 25. e4 Qa5 26. Qc2 Ba4 27. b3 Bc6
28. c4 dxe4 29. Bg2 Rf4 30. Rh8+ Kc7 31. Rh7 Qxg5 32. Qc1 Kd8 33. Rg1 Qf6 34.
Bh3 g6 35. d5 Be8 36. dxe6 Rxf2 37. e7+ Kc7 38. Rf1 e3 39. Re1 g5 40. Qa3 Bg6+
41. Kc1 Qa1# 0-1

[Event "BRA x BRA"]
[Site "http://www.queenalice.com/game.php?id=279782"]
[Date "2007.10.1"]
[Round "-"]
[White "claudiocaire"]
[Black "nallpinheiro"]
[Result "1/2-1/2"]
[WhiteElo "1555"]
[BlackElo "1442"]

1. e4 e5 2. Qh5 d6 3. Bc4 g6 4. Qf3 Nf6 5. d3 Bg4 6. Qg3 h5 7. h3 Bd7 8. Bg5 Bh6
9. Bh4 Rg8 10. Nc3 g5 11. Qf3 gxh4 12. Nd5 Bg7 13. Nxf6+ Bxf6 14. Qxh5 Rf8 15.
Bd5 c6 16. Bb3 Na6 17. Nf3 Qa5+ 18. c3 Nc5 19. Bd1 Nxd3+ 20. Kd2 Nxb2 21. Nxh4
Nc4+ 22. Ke1 Qxc3+ 23. Ke2 Qxa1 24. Ng6 Qxa2+ 25. Kf1 fxg6 26. Qxg6+ Kd8 27. Qh5
Kc7 28. Kg1 Nd2 29. Qe2 Rg8 30. Qe3 Rh8 31. Kh2 Rh4 32. f3 Rah8 33. Rg1 Bxh3 34.
gxh3 Rxh3+ 35. Kg2 Rxf3 36. Qxf3 Nxf3+ 37. Kxf3 Qh2 38. Re1 Rh3+ 39. Kg4 Qg3+
40. Kf5 Qxe1 41. Bg4 Qf1+ 42. Ke6 Rh7 43. Bf3 Qxf3 1/2-1/2

[Event "Challenge"]
[Site "http://www.queenalice.com/game.php?id=280326"]
[Date "2007.10.2"]
[Round "-"]
[White "EduardoGP"]
[Black "nallpinheiro"]
[Result "1-0"]
[WhiteElo "1443"]
[BlackElo "1435"]

1. Nf3 d5 2. c4 dxc4 3. e3 Qd5 4. Nc3 Qc6 5. Ne5 Qe6 6. Nxc4 Nc6 7. d4 b5 8.
Nxb5 Qd7 9. Be2 Ba6 10. Qa4 Bxb5 11. Qxb5 Nb8 12. Qb3 Nf6 13. O-O e6 14. Ne5 Qc8
15. Bb5+ c6 16. Qc3 a6 17. Bxc6+ Nxc6 18. Nxc6 Ne4 19. Qc4 Nd6 20. Qa4 Nb5 21.
Ne5 Bd6 22. Nc4 Qc7 23. Nxd6+ Qxd6 24. Bd2 O-O 25. Bb4 Qb8 26. Bxf8 Qxf8 27.
Rfc1 Nd6 28. Rc6 Ne4 29. Rxa6 Rxa6 30. Qxa6 g6 31. Qc6 Qb4 32. Qxe4 Qxb2 33. Rb1
Qxa2 34. Rb8+ Kg7 35. Ra8 Qb3 36. g3 Qd1+ 37. Kg2 h5 38. Qe5+ f6 39. Qc7+ Kh6
40. Rh8+ Kg5 41. Qf4# 1-0

[Event "Challenge"]
[Site "http://www.queenalice.com/game.php?id=280761"]
[Date "2007.10.3"]
[Round "-"]
[White "claudiocaire"]
[Black "nallpinheiro"]
[Result "1-0"]
[WhiteElo "1557"]
[BlackElo "1447"]

1. e4 e5 2. Qh5 Nf6 3. Qxe5+ Be7 4. d3 d6 5. Qc3 Nc6 6. Nf3 Ng4 7. h3 Nge5 8.
Nxe5 Nxe5 9. Na3 O-O 10. d4 Ng6 11. b4 Be6 12. Bb2 c6 13. d5 cxd5 14. Qxg7# 1-0

[Event "Let's Play Chess!"]
[Site "http://www.queenalice.com/game.php?id=287251"]
[Date "2007.10.16"]
[Round "-"]
[White "nallpinheiro"]
[Black "Abstro"]
[Result "0-1"]
[WhiteElo "1464"]
[BlackElo "1697"]

1. d4 d5 2. e3 Nc6 3. Bb5 e6 4. Bxc6+ bxc6 5. c3 Nf6 6. Qa4 Bb7 7. b4 Qd7 8. Na3
Bd6 9. Nf3 O-O 10. Qc2 a5 11. Ng5 h6 12. Nf3 axb4 13. Nb1 c5 14. cxb4 cxb4 15.
a3 Qb5 16. h4 c5 17. Nbd2 c4 18. O-O b3 19. Qc3 Ra4 20. Ne5 Rfa8 21. g4 Bxa3 22.
Bxa3 Rxa3 23. Qb2 Rxa1 24. Rxa1 Rxa1+ 25. Qxa1 b2 26. Qa2 c3 27. Qb1 c2 28. Qxc2
Qb4 29. Nd3 Qxd2 30. Qxb2 Qd1+ 31. Kg2 Qxg4+ 32. Kf1 Ba6 33. Qb8+ Kh7 34. Qb1
Bxd3+ 35. Qxd3+ g6 36. Qa3 Qxh4 37. Qf8 Qh1+ 38. Ke2 Qh5+ 39. Kd2 g5 40. Qe7
Ne4+ 41. Ke1 Qf3 42. Qf8 Qxf2+ 43. Kd1 Qd2# 0-1

[Event "Let's Play Chess! 001"]
[Site "http://www.queenalice.com/game.php?id=287267"]
[Date "2007.10.16"]
[Round "-"]
[White "nallpinheiro"]
[Black "spawnwolfwolverine"]
[Result "1/2-1/2"]
[WhiteElo "1457"]
[BlackElo "1642"]

1. d4 d5 2. e3 e6 3. Bb5+ c6 4. Ba4 Nf6 5. Qd2 Na6 6. b4 Bxb4 7. c3 Ba5 8. Nf3
b5 9. Bc2 O-O 10. Ng5 g6 11. Qe2 Nh5 12. g4 Nf6 13. h4 c5 14. Qxb5 c4 15. Qc6
Rb8 16. Ba3 Rb6 17. Qa4 Rxb1+ 18. Rxb1 Bxc3+ 19. Kd1 Ne4 20. Bxf8 Nxf2+ 21. Ke2
Nxh1 22. Rxh1 Qxf8 23. h5 Nb4 24. hxg6 fxg6 25. Rxh7 Nxc2 26. Qxc2 Qf6 27. Qxc3
Qxg5 28. Rxa7 Qxg4+ 29. Kd2 Qg2+ 30. Kc1 Qf1+ 31. Kc2 Qe2+ 32. Qd2 Qxd2+ 33.
Kxd2 g5 34. Ra8 Kg7 35. Rxc8 Kf6 36. a4 Kf5 37. a5 g4 38. Ke2 e5 39. a6 exd4 40.
exd4 g3 41. a7 g2 42. Kf2 Ke4 43. a8=Q Kxd4 44. Kxg2 c3 45. Qxd5+ Kxd5 46. Rxc3
Kd4 47. Rh3 Ke4 48. Rf3 Kd4 49. Kf2 Ke4 50. Ke2 Kd4 51. Re3 Kd5 52. Kd3 Kc5 53.
Re5+ Kd6 54. Kd4 Kc6 55. Rd5 Kb6 56. Rc5 Ka6 57. Kc4 Kb6 58. Kb4 Ka6 59. Rc6+
Kb7 60. Kb5 Ka7 61. Rb6 Ka8 62. Rc6 Ka7 63. Rc7+ Ka8 64. Kb6 Kb8 65. Kc6 Ka8 66.
Kb6 Kb8 67. Kc6 Ka8 68. Kc5 Kb8 69. Kb6 1/2-1/2

[Event "Let's Play Chess! 002"]
[Site "http://www.queenalice.com/game.php?id=287268"]
[Date "2007.10.16"]
[Round "-"]
[White "nallpinheiro"]
[Black "spawnwolfwolverine"]
[Result "0-1"]
[WhiteElo "1456"]
[BlackElo "1608"]

1. e4 e5 2. d3 d6 3. Nc3 Be7 4. Nd5 Nf6 5. Qf3 O-O 6. Bg5 Nbd7 7. Nxf6+ Bxf6 8.
Bd2 b6 9. Qe3 c5 10. Nf3 Bb7 11. h4 h6 12. Be2 a5 13. O-O-O a4 14. c3 a3 15. b3
b5 16. d4 cxd4 17. cxd4 exd4 18. Nxd4 Bxd4 19. Qxd4 Qc7+ 20. Bc3 Ne5 21. Bxb5
Rac8 22. f4 Qxc3+ 23. Qxc3 Rxc3+ 24. Kd2 Rc5 25. Be2 Ng6 26. Rc1 Rxc1 27. Kxc1
Bxe4 28. Rd1 Bxg2 29. Rxd6 Nxf4 30. Bc4 Rc8 31. Rd7 Bf1 32. Kd2 Bxc4 33. bxc4
Rxc4 34. Rd8+ Kh7 35. Rd7 Ng2 36. h5 Nf4 37. Rxf7 Nxh5 38. Ra7 Rd4+ 39. Kc3 Rf4
40. Rxa3 Rf3+ 41. Kb2 Rxa3 42. Kxa3 g5 43. Kb4 g4 44. a4 g3 45. a5 g2 46. a6
g1=Q 47. Kb5 Nf6 48. Kc6 Ne8 49. Kb7 Qc5 50. a7 Nd6+ 51. Kb8 Qb6+ 52. Ka8 Qb7#
0-1

[Event "Let's Play Chess! 003"]
[Site "http://www.queenalice.com/game.php?id=287269"]
[Date "2007.10.16"]
[Round "-"]
[White "nallpinheiro"]
[Black "tche_elvio"]
[Result "1-0"]
[WhiteElo "1446"]
[BlackElo "1496"]

1. e4 e5 2. d3 Bc5 3. Nf3 Nc6 4. Bd2 h6 5. Bc3 d5 6. Nxe5 Qf6 7. Nxc6 Qxc6 8.
Qf3 d4 9. Bd2 Nf6 10. Qg3 Nh5 11. Qe5+ Be6 12. Qxh5 O-O-O 13. b4 Be7 14. Na3 a6
15. b5 Qc5 16. Qxc5 Bxc5 17. Bc1 Bb4+ 18. Kd1 Bxa3 19. Bxa3 f5 20. bxa6 bxa6 21.
Be2 fxe4 22. Be7 Rd7 23. Bc5 exd3 24. Bxd3 g5 25. Bxa6+ Kd8 26. Re1 Bd5 27. f3
h5 28. Bb5 c6 29. Bb6+ Kc8 30. Ba6+ Kb8 31. Rb1 c5 32. Bxc5+ Bb7 33. Re7 Rhd8
34. Rxb7+ Rxb7 35. Rxb7+ Kc8 36. Bb6 Rd7 37. Rxd7+ Kxd7 38. a4 Kc6 39. Bxd4 1-0

[Event "Challenge"]
[Site "http://www.queenalice.com/game.php?id=287833"]
[Date "2007.10.17"]
[Round "-"]
[White "nallpinheiro"]
[Black "caraumar"]
[Result "0-1"]
[WhiteElo "1483"]
[BlackElo "1635"]

1. d4 d5 2. Nc3 e6 3. e3 a6 4. Nf3 c5 5. Ne2 c4 6. c3 b5 7. a3 g6 8. Ne5 f5 9.
Nf4 Nf6 10. Qf3 Ne4 11. Be2 Be7 12. Nh3 Qa5 13. O-O b4 14. cxb4 Bxb4 15. Nf4 Bd2
16. b4 Bxb4 17. Qh3 g5 18. Qh5+ Ke7 19. Qf7+ Kd6 20. Bxc4 gxf4 21. Bd3 Ng5 22.
Qf6 Rg8 23. Nf7+ Nxf7 24. Qxf7 Rd8 25. Qxh7 Bc3 26. Rb1 Rd7 27. Qh6 Qc7 28. Bxf5
Re7 29. Qxf4+ Kd7 30. Qxc7+ Kxc7 31. Bg4 Nc6 32. f4 Na5 33. f5 Nc4 34. f6 Rf7
35. h4 Bd2 36. Rf2 Bxe3 37. Bxe3 Nxe3 38. Bh5 Rf8 39. Rc1+ Kd6 40. Rb2 Nc4 41.
Re2 Rxf6 42. Bg4 Rf4 43. Bf3 Rxh4 44. Rd1 Nxa3 45. g3 Rh3 46. Bg4 Rxg3+ 47. Rg2
Rxg2+ 48. Kxg2 Nc4 49. Rd3 Bd7 50. Rf3 Rg8 51. Kg3 Rg6 52. Kh3 e5 53. dxe5+ Nxe5
54. Bxd7 Nxf3 55. Bc8 a5 56. Bf5 Rg7 57. Bg4 Ng5+ 58. Kh4 Ne6 59. Kg3 a4 60. Kf3
a3 61. Bxe6 Kxe6 0-1

[Event "AUTO-INT-654"]
[Site "http://www.queenalice.com/game.php?id=288370"]
[Date "2007.10.17"]
[Round "1"]
[White "nallpinheiro"]
[Black "Xavier"]
[Result "0-1"]
[WhiteElo "1463"]
[BlackElo "1698"]

1. d4 f5 2. Qd3 d5 3. Nf3 Nc6 4. Ne5 Nxe5 5. dxe5 e6 6. Qb5+ c6 7. Qa4 b5 8. Qd4
g6 9. Bf4 g5 10. Bd2 Ne7 11. Bb4 f4 12. Bxe7 Bxe7 13. g3 O-O 14. h4 fxg3 15.
hxg5 gxf2+ 16. Kd1 Qa5 17. c3 Qa4+ 18. b3 Qxd4+ 19. cxd4 Bxg5 20. Nd2 Be3 21.
Rh2 Bxd4 22. Rg2+ Kh8 23. Rc1 c5 24. Nf3 Be3 25. Rc3 d4 26. Rxc5 d3 27. exd3
Bxc5 28. d4 Bb7 29. dxc5 Bxf3+ 30. Kd2 Bxg2 31. Bxg2 Rad8+ 32. Ke2 Rf5 33. Bf3
Rdf8 34. Kxf2 Rxf3+ 35. Ke2 Rf2+ 36. Kd3 R8f3+ 37. Ke4 Rf4+ 38. Ke3 R2f3+ 39.
Ke2 Rc3 40. a4 Rxc5 41. Ke3 Rb4 42. axb5 Rbxb5 43. Kf4 Rxb3 44. Ke4 Rb4+ 45. Ke3
Rxe5+ 46. Kd3 Rh5 47. Ke3 Rh3+ 48. Ke2 Rb2+ 49. Kd1 Rh1# 0-1

[Event "AUTO-INT-654"]
[Site "http://www.queenalice.com/game.php?id=288371"]
[Date "2007.10.17"]
[Round "1"]
[White "Xavier"]
[Black "nallpinheiro"]
[Result "1-0"]
[WhiteElo "1691"]
[BlackElo "1456"]

1. c4 Nc6 2. Nc3 e5 3. Nf3 Bb4 4. Qb3 Qe7 5. Nd5 Qc5 6. Nxc7+ Kd8 7. Nxa8 Nd4 8.
Nxd4 exd4 9. Nc7 Kxc7 10. Qg3+ d6 11. Qxg7 Ne7 12. Qxh8 Qxc4 13. e4 Qc2 14. Qxd4
Nc6 15. Qc4 Qa4 16. Qxf7+ Bd7 17. b3 Qa5 18. Qxh7 Nd4 19. Bd3 Qg5 20. O-O Nf3+
21. Kh1 Bxd2 22. Bxd2 Nxd2 23. Rfc1+ Kb6 24. Qxd7 Qf4 25. Qb5# 1-0

[Event "AUTO-INT-654"]
[Site "http://www.queenalice.com/game.php?id=288372"]
[Date "2007.10.17"]
[Round "1"]
[White "nallpinheiro"]
[Black "Alex_Gatinho"]
[Result "1-0"]
[WhiteElo "1433"]
[BlackElo "1312"]

1. d4 Nf6 2. Bg5 d6 3. Bxf6 exf6 4. e3 c5 5. Bb5+ Nc6 6. Bxc6+ bxc6 7. Qd3 Qb6
8. b3 Qb4+ 9. c3 Qa5 10. Qe4+ Be6 11. Qxc6+ Bd7 12. Qxa8+ Ke7 13. Nf3 1-0

[Event "AUTO-INT-654"]
[Site "http://www.queenalice.com/game.php?id=288373"]
[Date "2007.10.17"]
[Round "1"]
[White "Alex_Gatinho"]
[Black "nallpinheiro"]
[Result "0-1"]
[WhiteElo "1404"]
[BlackElo "1449"]

1. e4 e5 2. d4 f6 3. Nf3 Bb4+ 4. c3 Ba5 5. dxe5 fxe5 6. Nxe5 Qe7 7. f4 d6 8. Nc4
b6 9. e5 Bf5 10. Nbd2 dxe5 11. Nxe5 Nd7 12. b4 Nxe5 13. fxe5 Qxe5+ 14. Be2 Bxb4
15. Nf3 Qxc3+ 16. Qd2 Qxa1 17. Qxb4 Qxc1+ 18. Bd1 Rd8 19. Nd2 Bg4 20. Qxg4 Qxd2+
0-1

[Event "AUTO-INT-654"]
[Site "http://www.queenalice.com/game.php?id=288374"]
[Date "2007.10.17"]
[Round "1"]
[White "nallpinheiro"]
[Black "gmoney1970"]
[Result "1-0"]
[WhiteElo "1458"]
[BlackElo "1679"]

1. Nf3 e6 2. Nc3 b6 3. a3 Bb7 4. Nd4 g6 5. Ncb5 Na6 6. e3 c6 7. Nc3 Bg7 8. Bxa6
Bxa6 9. Qg4 Nf6 10. Qf4 Nd5 11. Nxd5 cxd5 12. d3 e5 13. Qf3 exd4 14. exd4 Bxd4
15. Qxd5 Bg7 16. Bg5 f6 17. Bf4 g5 18. Qe4+ Kf7 19. Qd5+ Kg6 20. Be3 Rc8 21. c4
f5 22. Qd6+ Bf6 23. O-O-O Rc6 24. Qg3 f4 25. Bxf4 h5 26. h4 b5 27. hxg5 Bxg5 28.
Kb1 h4 29. Qg4 Rf6 30. Bxg5 Qb6 31. Be3+ Kf7 32. Bxb6 axb6 33. Qxd7+ Kg6 34.
cxb5 Rh7 35. Qg4+ Kf7 36. bxa6 Rh8 37. f4 Ke7 38. Rde1+ Kf7 39. Rxh4 Rg8 40.
Rh7+ Kf8 41. Qc8# 1-0

[Event "AUTO-INT-654"]
[Site "http://www.queenalice.com/game.php?id=288375"]
[Date "2007.10.17"]
[Round "1"]
[White "gmoney1970"]
[Black "nallpinheiro"]
[Result "1-0"]
[WhiteElo "1609"]
[BlackElo "1481"]

1. e3 e5 2. Qh5 Bd6 3. b3 g6 4. Qf3 Qh4 5. g3 Qf6 6. Bb2 Ne7 7. Bg2 Qg5 8. Qe2
Bb4 9. f4 Qf6 10. Bxe5 Qf5 11. Bxh8 Qxc2 12. Bc3 Nd5 13. Bxd5 c6 14. Bxb4 cxd5
15. Na3 a5 16. Nxc2 axb4 17. Nxb4 d6 18. Nxd5 Na6 19. Qb5+ Kf8 20. Nf6 Kg7 21.
Ne8+ Kf8 22. Nxd6 Nc7 23. Qe5 Ra6 24. Nxc8 Ra8 25. Qh8# 1-0

[Event "Challenge"]
[Site "http://www.queenalice.com/game.php?id=289749"]
[Date "2007.10.19"]
[Round "-"]
[White "nallpinheiro"]
[Black "tche_elvio"]
[Result "1-0"]
[WhiteElo "1464"]
[BlackElo "1478"]

1. d4 h6 2. Nc3 d5 3. Nf3 e6 4. a3 Be7 5. Ne5 Bd7 6. Bf4 c5 7. e3 cxd4 8. exd4
Nc6 9. Bd3 Qb6 10. Bb5 Qxd4 11. Bxc6 Bxc6 12. Qxd4 1-0

[Event "Challenge"]
[Site "http://www.queenalice.com/game.php?id=291816"]
[Date "2007.10.23"]
[Round "-"]
[White "Tiagoviegas"]
[Black "nallpinheiro"]
[Result "1-0"]
[WhiteElo "1522"]
[BlackElo "1470"]

1. e4 e5 2. Qh5 g6 3. Qxe5+ Be7 4. Qxh8 Bf6 5. Qxg8+ Ke7 6. Qxh7 Qh8 7. Qxh8
Bxh8 8. d3 Bf6 9. Nc3 Nc6 10. Nd5+ Ke6 11. Nxf6 Kxf6 12. Nf3 d6 13. Bg5+ Kg7 14.
d4 Bg4 15. d5 Nb4 16. O-O-O Nxa2+ 17. Kb1 Nb4 18. c3 f6 19. cxb4 fxg5 20. h3 Rh8
21. Rc1 Bxf3 22. gxf3 Rc8 23. Rg1 Kh6 24. Rg3 b6 25. Ba6 Rf8 26. Rxc7 Rf4 27.
Rxa7 g4 28. hxg4 Rf8 29. g5+ Kh5 30. Rh7# 1-0

[Event "Challenge"]
[Site "http://www.queenalice.com/game.php?id=302507"]
[Date "2007.11.12"]
[Round "-"]
[White "gilsinho22"]
[Black "nallpinheiro"]
[Result "1-0"]
[WhiteElo "1550"]
[BlackElo "1473"]

1. e4 e5 2. Qh5 Qe7 3. Qe2 d6 4. Nc3 Nc6 5. Nd5 Qd8 6. d3 Be6 7. Nf3 Bxd5 8.
exd5 Nce7 9. Bg5 f6 10. Be3 Nxd5 11. g4 Nge7 12. Bg2 Qd7 13. c4 Nb4 14. O-O Qa4
15. a3 Nbc6 16. b3 Qxb3 17. Nd2 Qc3 18. Ne4 Qa5 19. Bd2 Qb6 20. Nc3 Nd4 21. Qe4
Nc2 22. Rab1 Qa6 23. Nb5 O-O-O 24. d4 d5 25. Qxc2 exd4 26. Bf4 c6 27. Nc7 Qxa3
28. Ne6 Rd7 29. Nxf8 Rxf8 30. Ra1 Qc5 31. Rxa7 Qxa7 32. cxd5 Nxd5 33. Bxd5 Rxd5
34. Qxh7 b5 35. Qc2 Kb7 36. Qe4 Rc5 37. Qe7+ Kb6 38. Qxf8 Ka5 39. Ra1+ Kb6 40.
Rxa7 1-0